000 00443nam a2200145Ia 4500
003 OSt
005 20260127095342.0
008 211028s2017 xx 000 0 und d
040 _cAIMIT LIBRARY
041 _aeng
100 _aKumar, Mithesh;James, Justine P.
_g1516090
_97666
245 _aStudy on promotional activities of ford cars with special reference to cauvery ford /
260 _aMangalore
_bJustine James
_c2017
942 _2ddc
_cPRO
999 _c219234
_d219234